000 00502nam a2200205Ia 4500
005 20240320135938.0
008 131103s9999 xx 000 0 und d
020 _a0 75380 998 2
040 _aLoreto College
041 _aEnglish
082 _a150
_bRIC
100 _aRichardson,Ken
245 4 _aThe Making of Intelligence
_cKen Richardson
260 _aLondon
_bPhcenix
_c1999
300 _a350p
504 _aIncludes index-
650 _aPsychology
850 _aLCBED
942 _cBK
999 _c26980
_d77459